000 00285nam a2200109Ia 4500
008 220204s9999 xx 000 0 und d
082 _a330.34
_bDAN
100 _aDANDEKAR, V M
245 0 _aUse of food surpluses fro economic development
260 _aPoona
_bGokhale
_c1956
942 _cBK
999 _c20065
_d20065